| 000 | 00912cam a2200217 4500 | ||
|---|---|---|---|
| 001 | WB3729-23 | ||
| 008 | 010726n2001 000 0 eng u | ||
| 035 | _a(Sirsi) u113825 | ||
| 245 | _aLaw lords confirm legal threat | ||
| 260 | _c2001 | ||
| 490 |
_aRICS Press Release _v(pr101) 26 July 2001 (2) |
||
| 520 | _aEmployed professionals such as surveyors, architects and solicitors could face being sued for mistakes or errors at work after a House of Lords ruling. The case involving a chartered surveyor, John Babb had been supported by the RICS who are now urging all professional employees to check their liability position. | ||
| 590 | _aWB | ||
| 650 | _aPROFESSIONAL BODIES | ||
| 650 | _aPROFESSIONAL NEGLIGENCE | ||
| 650 | _aJOHN BABB | ||
| 650 | _aCLIVE WALKER ASSOCIATES | ||
| 650 | _aPROFESSIONAL ASSOCIATIONS | ||
| 690 | _aMANAGEMENT-BUSINESS MANAGEMENT-PROFESSIONAL PRACTICE | ||
| 942 | _n0 | ||
| 999 |
_c67811 _d67811 |
||